| 000 | 00666nam a2200229 a 4500 | ||
|---|---|---|---|
| 999 |
_c2059 _d2059 |
||
| 007 | ta | ||
| 008 | 200203t2011 fr ad||g |||| 00| 0 eng d | ||
| 020 |
_a9789054878544 _c$. 35.95 |
||
| 040 |
_aKO _beng |
||
| 041 | 0 | _aeng | |
| 044 | _afr | ||
| 082 | 0 | 4 |
_223 _a386.1 _bSy871 |
| 245 | 1 | 0 |
_aFuture Challenges for Inland Navigation / _cEdited by Christa Sys and Thierry Vanelslander |
| 260 |
_aBrussel : _bUPA University Press Antwerp , _c2011. |
||
| 300 |
_a240 p. : _bill., Charts. ; _c25 cm. |
||
| 650 | 0 |
_a Inland Navigation _vTextbooks |
|
| 700 |
_aSys, Christa _eedt |
||
| 700 |
_aVanelslander, Thierry _eedt |
||
| 904 | _aReshma_R | ||
| 942 | _cBK | ||